Luật dân sự 2 : Sách hướng dẫn học tập

Giới thiệu khái quát về nghĩa vụ, căn cứ phát sinh nghĩa vụ, sự vận hành của nghĩa vụ.

Wedi'i Gadw mewn:
Manylion Llyfryddiaeth
Prif Awdur: Tăng, Thanh Phương
Fformat: Llyfr
Iaith:Undetermined
Cyhoeddwyd: Cần Thơ Nxb. Đại học Cần Thơ 2017
Pynciau:
Tagiau: Ychwanegu Tag
Dim Tagiau, Byddwch y cyntaf i dagio'r cofnod hwn!
Thư viện lưu trữ: Trung tâm Học liệu Trường Đại học Cần Thơ
LEADER 00865nam a2200229Ia 4500
001 CTU_229816
008 210402s9999 xx 000 0 und d
082 |a 346.597 
082 |b Ph561 
100 |a Tăng, Thanh Phương 
245 0 |a Luật dân sự 2 : 
245 0 |b Sách hướng dẫn học tập 
245 0 |c Tăng Thanh Phương, Nguyễn Thị Ngọc Tuyền, Trần Thị Cẩm Nhung (Biên soạn) 
260 |a Cần Thơ 
260 |b Nxb. Đại học Cần Thơ 
260 |c 2017 
520 |a Giới thiệu khái quát về nghĩa vụ, căn cứ phát sinh nghĩa vụ, sự vận hành của nghĩa vụ. 
650 |a Luật dân sự,Civil law 
650 |x Vietnam 
650 |z Việt Nam 
910 |b nthai 
980 |a Trung tâm Học liệu Trường Đại học Cần Thơ